| 000 | 00341nam a2200109Ia 4500 | ||
|---|---|---|---|
| 008 | 171211s9999 xx 000 0 und d | ||
| 245 | _aTales of an American Hobo (Singular Lives) | ||
| 245 | _cAlbert E. Stone, Charles E. Fox, and Lynne Adrian | ||
| 260 | _c1989 | ||
| 650 | _xBiography | ||
| 856 | _uhttp://down.ebook777.com/059/877452512.pdf | ||
| 999 |
_c349973 _d349973 |
||